Poesías

Gorde:
Xehetasun bibliografikoak
Egile nagusia: Batres Montufar, José
Formatua: Liburua
Hizkuntza:Undetermined
Argitaratua: El Salvador Ministerio de Educación 1961
Gaiak:
Etiketak: Etiketa erantsi
Etiketarik gabe, Izan zaitez lehena erregistro honi etiketa jartzen!

MARC

LEADER 00000nam a2200000Ia 4500
008 170316s9999 xx 000 0 und d
040 |a cru BVZT 
090 |a 860 B-15p 
100 |a Batres Montufar, José 
245 |a Poesías 
260 |a El Salvador 
260 |b Ministerio de Educación 
260 |c 1961 
300 |a 194 páginas 
650 |a LITERATURA LATINOAMERICANA 
999 |c 8381  |d 8381 
942 |c 15 D  |h 860 B-15p  |2 z